Minding Your Own Business (Record no. 1056)

MARC details
000 -LEADER
fixed length control field 00378nam a2200145Ia 4500
008 - FIXED-LENGTH DATA ELEMENTS--GENERAL INFORMATION
fixed length control field 230312s9999||||xx |||||||||||||| ||und||
082 ## - DEWEY DECIMAL CLASSIFICATION NUMBER
Classification number 658.041
Item number RAY-M
100 ## - MAIN ENTRY--PERSONAL NAME
Personal name Raymond
245 #0 - TITLE STATEMENT
Title Minding Your Own Business
260 ## - PUBLICATION, DISTRIBUTION, ETC.
Name of publisher, distributor, etc. Wolgemuth & Hyatt
Place of publication, distribution, etc. USA
Date of publication, distribution, etc. 1990
300 ## - PHYSICAL DESCRIPTION
Extent 261
546 ## - LANGUAGE NOTE
Language note Eng.
650 ## - SUBJECT ADDED ENTRY--TOPICAL TERM
Topical term or geographic name entry element Management
Form subdivision How to Manage your Home, Home Industries
942 ## - ADDED ENTRY ELEMENTS (KOHA)
Koha item type BOOK
Holdings
Withdrawn status Lost status Damaged status Not for loan Home library Current library Date acquired Total Checkouts Full call number Barcode Date last seen Price effective from Koha item type
        Superior Information Resource Center (SIRC) Superior University- Central Library Superior Information Resource Center (SIRC) Superior University- Central Library 03/13/2023   658.041 RAY-M 1066 03/13/2023 03/13/2023 BOOK

Powered by Koha